1539 1811 1806 1178 1494 1047 1932 1670 1528 1648 1420 1391 1416 1988 1617 1943 1809 1785 1770 1535 1323 1582 1424 1439 1045 1121 1162 1386 1768 1556 1780 1540 1251 1203 1289 1284 1320 1866 1117 1696 1393 1629 1329 1133 1389 1482 1187 1757 1347 1459 1698 1248 1610 1762 1419 1890 1275 1367 1533 1701 1189 1090 1205 1816 1808 1188 1019 1523 1550 1356 1743 1782 1764 1623 1650 1219 1507 1216 1157 1264 1308 1470 1889 1957 1277 1408 1557 1038 1339 1617 1985 1829 1146 1202 1077 1268 1919 1713 1730 BCNSPRNW ULIB Ver.6.0+V

เปลี่ยนเป็นภาษาไทย

Change to English
 แสดงรายละเอียดบรรณานุกรม
  กลับหน้าหลัก

Brief Record : Get Marc (ISO 2709) : E-mail record : QR code < ปิดหน้าต่าง
LEADER : 00000nam 2200000uu 4500
001    13399111063
003     ULIB
008    110615s||||||||th 000 0 tha d
020    9741321708
050 04 BF335^bว321จ 2545
100 0  วราภรณ์ ตระกูลสฤษดิ์
245 10 จิตวิทยาการปรับตัว /^cวราภรณ์ ตระกูลสฤษดิ์
250    พิมพ์ครั้งที่ 2
260    กรุงเทพฯ :^bศูนย์ส่งเสริมวิชาการ,^c2545
300    272 หน้า :^bภาพประกอบ ;^c21 ซม.
650  7 การปรับตัว(จิตวิทยา)
650  7 ครอบครัว
650  7 สุขภาพจิต
945    ^p180^l0^i017010
995    ทศพร
999 ^a ใช้งานได้ทุกระบบ
รายการนี้ยังไม่มีแท็ก
คุณยังไม่ได้ล็อกอิน คุณสามารถมีกิจกรรมร่วมกับเว็บไซต์ได้ แต่ต้องล็อกอินก่อน ::
  ล็อกอิน

รายการสื่อสารสนเทศ

ลำดับที่ ประเภท เลขเรียก/บาร์โค้ด สถานที่ สถานะ
- ไม่พบข้อมูล -

รายการใกล้เคียง
    ผู้แต่ง [วราภรณ์ ตระกูลสฤษดิ์]

    หัวเรื่อง [การปรับตัว(จิตวิทยา)]
    หัวเรื่อง [ครอบครัว]
    หัวเรื่อง [สุขภาพจิต]

BibComment


ยังไม่เคยถูกคอมเมนท์

คอมเมนท์ทรัพยากรรายการนี้
  คอมเมนท์: จิตวิทยาการปรับตั..


 Copyright 2026. Bcnsprnw @Library